书目信息 |
| 题名: |
放言录
|
|
| 作者: | 宣永光 著 | |
| 分册: | ||
| 出版信息: | 北京 线装书局 2009.06 |
|
| 页数: | 278页 | |
| 开本: | 25cm | |
| 丛书名: | ||
| 单 册: | ||
| 中图分类: | I266.1 | |
| 科图分类: | ||
| 主题词: | 随笔--中国--民国--作品集 | |
| 电子资源: | ||
| ISBN: | 978-7-80106-941-2 | |
| 000 | 00830nam0 2200217 450 | |
| 005 | 20100617150134.18 | |
| 010 | @a978-7-80106-941-2@dCNY32.00 | |
| 100 | @a20100515d2009 em y0chiy0110 ea | |
| 101 | 0 | @achi |
| 102 | @aCN@b110000 | |
| 105 | @ay z 000cy | |
| 200 | 1 | @a放言录@Afang yan lu@e中国人的哲学智慧@f宣永光著 |
| 210 | @a北京@c线装书局@d2009.06 | |
| 215 | @a278页@d25cm | |
| 330 | @a读罢此书有一种淋漓畅快的感觉。老宣德思维之刀法,仿佛庖丁精准绝妙,三下两下就将世相人性处的悲哀鄙陋,解析展现在你的眼前。更令人叫绝的是,让读者在畅游“人间苦海”的同时,以另一种“捧腹”的灵动,深刻地品味世间万象。 | |
| 517 | 1 | @a中国人的哲学智慧@Azhong guo ren de zhe xue zhi hui |
| 606 | 0 | @a随笔@y中国@z民国@j作品集 |
| 690 | @aI266.1@v4 | |
| 701 | 0 | @a宣永光@Axuan yong guang@4著 |
| 801 | 0 | @aCN@c20100515 |
| 905 | @dI266.1@eX932@f3 | |
| 放言录:中国人的哲学智慧/宣永光著.-北京:线装书局,2009.06 |
| 278页;25cm |
| ISBN 978-7-80106-941-2:CNY32.00 |
| 读罢此书有一种淋漓畅快的感觉。老宣德思维之刀法,仿佛庖丁精准绝妙,三下两下就将世相人性处的悲哀鄙陋,解析展现在你的眼前。更令人叫绝的是,让读者在畅游“人间苦海”的同时,以另一种“捧腹”的灵动,深刻地品味世间万象。 |
| ● |
| 相关链接 |
|
|
|
正题名:放言录
索取号:I266.1/X932
 
预约/预借
| 序号 | 登录号 | 条形码 | 馆藏地/架位号 | 状态 | 备注 |